000 00459nam a2200193Ia 4500
005 20240823023937.0
008 240823s9999||||xx |||||||||||||| ||und||
020 _a978-0-07-026062-7
041 _aENGLISH
082 _A621.4021 P8
100 _aNag P K
245 0 _aEngineering Theromodynamics
250 _a4th
260 _c2008
_bThe McGraw- Hill Comp
500 _aYES
650 _aThermodynamics
_bMechanical
942 _cBK
999 _c182746
_d182746